The 3-Day self-defence manual / (Record no. 5572)

MARC details
000 -LEADER
fixed length control field 00524nam a22001817a 4500
003 - CONTROL NUMBER IDENTIFIER
control field GBCCL
005 - DATE AND TIME OF LATEST TRANSACTION
control field 20241126110545.0
008 - FIXED-LENGTH DATA ELEMENTS--GENERAL INFORMATION
fixed length control field 180327b ||||| |||| 00| 0 eng d
020 ## - INTERNATIONAL STANDARD BOOK NUMBER
International Standard Book Number 0730102092
040 ## - CATALOGING SOURCE
Transcribing agency gbc
082 ## - DEWEY DECIMAL CLASSIFICATION NUMBER
Classification number 613.66
Item number SMI
100 ## - MAIN ENTRY--PERSONAL NAME
Personal name Smith, Bronilyn
9 (RLIN) 10053
245 ## - TITLE STATEMENT
Title The 3-Day self-defence manual /
Statement of responsibility, etc. Bronilyn Smith
260 ## - PUBLICATION, DISTRIBUTION, ETC.
Place of publication, distribution, etc. Balgowlah NSW:
Name of publisher, distributor, etc. Reed Books Pty Ltd.,
Date of publication, distribution, etc. 1993
300 ## - PHYSICAL DESCRIPTION
Extent 96 p.;
Other physical details ill.,
Dimensions 17 cm.
650 ## - SUBJECT ADDED ENTRY--TOPICAL TERM
Topical term or geographic name entry element Self defence for Women
Form subdivision Handbooks, manuals, etc.
9 (RLIN) 10054
942 ## - ADDED ENTRY ELEMENTS (KOHA)
Source of classification or shelving scheme Dewey Decimal Classification
Koha item type Books
Holdings
Withdrawn status Lost status Source of classification or shelving scheme Damaged status Not for loan Home library Current Library Shelving location Date acquired Total checkouts Full call number Barcode Date last seen Copy number Price effective from Koha item type
    Dewey Decimal Classification     GRACE BIBLE COLLEGE GRACE BIBLE COLLEGE General Studies 2018-03-27   613.66 SMI 003449 2025-05-01 c.1 2018-03-27 Books
© Grace Bible College Library 2025